Mechanical evaluation strategies for plastics

Saved in:
Bibliographic Details
Other Authors Moore, D.R, Turner, S.
Format Book
LanguageEnglish
Published Boca Raton : CRC Press, 2001
Subjects
Online AccessFull text
ISBN0849308429
1-85573-379-X
978-0-8493-0842-0
978-1-85573-379-4
Physical Description328 s. : il.

Cover

LEADER 00000cam a22000004u 4500
001 36148
003 CZ-ZlUTB
005 20251006165645.0
006 m-----o--d--------
007 cr-|n-
008 010605s2001 xxu | eng
020 |a 0849308429 
020 |a 1-85573-379-X 
020 |a 978-0-8493-0842-0 
020 |a 978-1-85573-379-4 
040 |a SzZuIDS NEBIS ETH-BIB  |b cze  |d ZLD002 
072 7 |a 678  |x Průmysl makromolekulárních látek. Gumárenský průmysl. Průmysl plastů  |2 Konspekt  |9 19 
072 7 |a 620.1/.2  |x Nauka o materiálu  |2 Konspekt  |9 19 
080 |a 678.073  |2 MRF 
080 |a 620.1  |2 MRF 
245 1 0 |a Mechanical evaluation strategies for plastics  |h [elektronický zdroj] /  |c D.R. Moore and S. Turner 
260 |a Boca Raton :  |b CRC Press,  |c 2001 
300 |a 328 s. :  |b il. 
538 |a Způsob přístupu: WWW 
650 0 7 |a termoplasty  |7 ph126605  |2 czenas 
650 0 7 |a zkoušení materiálů  |7 ph116776  |2 czenas 
655 7 |a elektronické knihy  |7 fd186907  |2 czenas 
700 1 |a Moore, D.R. 
700 1 |a Turner, S. 
856 4 1 |u https://proxy.k.utb.cz/login?url=http://app.knovel.com/hotlink/toc/id:kpMESP0001/mechanical-evaluation 
910 |a ZLD002 
992 |a ER 
999 |c 36148  |d 36148 
993 |x NEPOSILAT  |y EIZ